Aj impulz to hrá na funkčnosť

Obchod bez regálov s drobnosťami, ktorými sa môže zákazník odmeniť za dobre vykonaný nákup, azda ani neexistuje. Čokoládové tyčinky, žuvačky, nanuky či nápoje v malých fľašiach si podľa údajov prieskumných agentúr nájdu cestu do košíkov takmer polovice spotrebiteľov. Napriek tomu, že dokonca ani pan...

Description complète

Enregistré dans:
Détails bibliographiques
Auteur principal: Kapitán, Peter
Format: Chapitre de livre
Langue:slovaque
Sujets:
Tags: Ajouter un tag
Pas de tags, Soyez le premier à ajouter un tag!

MARC

LEADER 00000naa a2200000 4500
001 0303689
005 20240820121502.0
041 0 |a slo 
044 |a CZ 
245 1 0 |a Aj impulz to hrá na funkčnosť  |c Peter Kapitán 
520 |a Obchod bez regálov s drobnosťami, ktorými sa môže zákazník odmeniť za dobre vykonaný nákup, azda ani neexistuje. Čokoládové tyčinky, žuvačky, nanuky či nápoje v malých fľašiach si podľa údajov prieskumných agentúr nájdu cestu do košíkov takmer polovice spotrebiteľov. Napriek tomu, že dokonca ani pandémia či prudká inflácia výraznejšie s nákupmi impulzného tovaru nezamávali, výrobcovia tohto tovaru nechcú zaspať dobu a čoraz častejšie sa objavuje impulzný tovar s prívlastkom funkčný. 
610 2 0 |a psychológia predaja 
610 2 0 |a zóny 
610 2 0 |a správanie spotrebiteľa 
610 2 0 |a potraviny 
610 2 0 |a podpora predaja 
100 1 |a Kapitán, Peter